| 000 | 00605nam a2200193 a 4500 | ||
|---|---|---|---|
| 005 | 20250111063820.0 | ||
| 008 | 080930s1970 mx r 000 0 spa d | ||
| 035 | _aUPN01000161506 | ||
| 049 | _aUNE | ||
| 080 | _a37: 178.8 =20 ROE | ||
| 100 | 1 | _aRoe, Michael | |
| 245 | 1 | 0 |
_aDrugs and the schools : _breport of a seminar convened / _cMichael Roe. |
| 260 |
_aToronto, Ontario : _bThe Canadian Education Association, _c1970. |
||
| 300 | _a50 p. | ||
| 690 |
_aEducación antidrogadicción _914703 |
||
| 690 | _aToxicomania- Escuelas | ||
| 710 | 2 | 4 | _aThe Canadian Education Association. |
| 905 | _aUNESCO | ||
| 999 |
_c133619 _d133619 |
||